livelihood status of fishermen in kampot district, kampot province (ស្ថានភាពជីវភាពរបស់ប្រជានេសាទនៅស្រុកកំពត ខេត្តកំពត) (Record no. 3900)

000 -LEADER
fixed length control field 00577nam a22001577a 4500
003 - CONTROL NUMBER IDENTIFIER
control field OSt
005 - DATE AND TIME OF LATEST TRANSACTION
control field 20151203094232.0
008 - FIXED-LENGTH DATA ELEMENTS--GENERAL INFORMATION
fixed length control field 151203b xxu||||| |||| 00| 0 eng d
040 ## - CATALOGING SOURCE
Transcribing agency RUA
082 ## - DEWEY DECIMAL CLASSIFICATION NUMBER
Classification number FIS KHI 2004 B176 Or.1
100 ## - MAIN ENTRY--PERSONAL NAME
9 (RLIN) 4186
Personal name KHIEV, NARA.
245 ## - TITLE STATEMENT
Title livelihood status of fishermen in kampot district, kampot province (ស្ថានភាពជីវភាពរបស់ប្រជានេសាទនៅស្រុកកំពត ខេត្តកំពត)
260 ## - PUBLICATION, DISTRIBUTION, ETC. (IMPRINT)
Place of publication, distribution, etc. Phnom Penh
Name of publisher, distributor, etc. RUA
Date of publication, distribution, etc. 2004
300 ## - PHYSICAL DESCRIPTION
Extent xi, 43p.
Other physical details ill.
Dimensions 29cm.
942 ## - ADDED ENTRY ELEMENTS (KOHA)
Source of classification or shelving scheme
Koha item type FIS
Holdings
Price effective from Date last seen Permanent Location Not for loan Date acquired Source of classification or shelving scheme Koha item type Lost status Withdrawn status Date last checked out Total Checkouts Shelving location Damaged status Barcode Current Location Full call number
2015-12-032015-12-03Library Block B 2015-12-03 FIS    B176 RUA026812Library Block BFIS KHI 2004 B176 Or.1
2015-12-032015-12-03Library Block B 2015-12-03 FIS    B176 RUA026674Library Block BFIS KHI 2004 B176 Or.2
2015-12-032025-09-01Library Block B 2015-12-03 FIS  2025-08-131B176 RUA026602Library Block BFIS KHI 2004 B176 Or.3
2015-12-032015-12-03Library Block B 2015-12-03 FIS    B176 RUA028643Library Block BFIS KHI 2004 B176 Or.4
មជ្ឈមណ្ឌលឯការនៃសាកលវិទ្យាល័យភូមិន្ទកសិកម្មចំការដូង

Powered by Koha